Central Library OPAC University of Rajshahi

The cloister and the hearth / (Record no. 82884)

MARC details
000 -LEADER
fixed length control field 00625nam a2200217 a 4500
001 - CONTROL NUMBER
control field 82884
003 - CONTROL NUMBER IDENTIFIER
rucl marc code BD-RjUL
005 - DATE AND TIME OF LATEST TRANSACTION
control field 20240131114942.0
008 - FIXED-LENGTH DATA ELEMENTS--GENERAL INFORMATION
fixed length control field 240131s1910 enk b 000 1 eng d
035 ## - SYSTEM CONTROL NUMBER
System control number (BD-RjUL)82884
040 ## - CATALOGING SOURCE
Original cataloging agency NNC
Transcribing agency NNC
Language of cataloging eng
Modifying agency BD-RjUL
041 ## - LANGUAGE CODE
Language code of text/sound track or separate title eng
082 ## - DEWEY DECIMAL CLASSIFICATION NUMBER
Edition number 23
Classification number 823
Author mark and year REC 1910
100 1# - MAIN ENTRY--PERSONAL NAME
Personal name Reade, Charles,
Dates associated with a name 1814-1884.
9 (RLIN) 61378
245 14 - TITLE STATEMENT
Title The cloister and the hearth /
Statement of responsibility, etc. by Charles Reade.
260 ## - PUBLICATION, DISTRIBUTION, ETC. (IMPRINT)
Place of publication, distribution, etc. London :
Name of publisher, distributor, etc. Chatto & Windus,
Date of publication, distribution, etc. 1910
300 ## - PHYSICAL DESCRIPTION
Pagination 663 p.;
Size 18 cm.
650 #0 - SUBJECT ADDED ENTRY--TOPICAL TERM
Topical term or geographic name as entry element Middle Ages
Form subdivision Fiction.
9 (RLIN) 60326
Topical term or geographic name as entry element Europe History 15th century Fiction
9 (RLIN) 11313
942 ## - ADDED ENTRY ELEMENTS (KOHA)
Source of classification or shelving scheme Dewey Decimal Classification
Koha item type Books
Holdings
Lost status Source of classification or shelving scheme Damaged status Not for loan Collection code Permanent Location Current Location Shelving location Date acquired Total Checkouts Full call number Date last seen Copy number Koha item type
  Dewey Decimal Classification   Not For Loan Fiction Central Library, University of Rajshahi Central Library, University of Rajshahi Reading Room 31/01/2024   823 REC 1910 31/01/2024 C-1 Books